000 00442nam a2200181Ia 4500
001 14062
005 20260306164846.0
008 260306t2022||||xx |||||||||||||| ||spa||
041 _aESP
082 _a006.3
_bR96
100 _aRussell, Stuart J.,
_eAUT
245 0 _aArtificial intelligence :
_ba modern approach
260 _c2022
300 _a1166 páginas :
_c25 cm.
650 _aGEN
654 _aCCC
942 _cLIB
_dJUS
_fJUS
_2ddc
_n
999 _c14062
_d14062